Civil War Quiz - Statistics

General Stats
  • This quiz has been taken 39 times
  • The average score is 4 of 7
Answer Stats
Hint Answer % Correct
What year did the Civil War start? 1861
97%
What year did the Civil War end? 1865
97%
Did the Civil War start at Fort Sumter? yes
90%
Why did the Civil War start? slavery
77%
What time did the Civil War start? 4:30am
10%
How long is the rifle? it says on my poster. 40 inches
3%
What was the main weapon during the Civil War? A rifle musket
3%
No matching quizzes found
Score Distribution
Percent of People with Each Score
Percentile by Number Answered
Your Score History
You have not taken this quiz